Ultrasonics.
I tiakina i:
| Kaituhi matua: | |
|---|---|
| Hōputu: | Pukapuka |
| Reo: | Ingarihi |
| I whakaputaina: |
New York, USA
McGraw-Hill
1960
|
| Putanga: | Segunda edición |
| Ngā marau: | |
| Ngā Tūtohu: |
Tāpirihia he Tūtohu
Kāore He Tūtohu, Me noho koe te mea tuatahi ki te tūtohu i tēnei pūkete!
|
MARC
| LEADER | 00000nam a2200000 a 4500 | ||
|---|---|---|---|
| 001 | UCP8173 | ||
| 003 | CL-VaPUC | ||
| 005 | 20250115112933.0 | ||
| 008 | 000114e19600000US |||||||||||||||||eng|d | ||
| 999 | |c 285117 |d 285115 | ||
| 040 | |c Pontificia Universidad Católica de Valparaíso | ||
| 082 | 0 | 4 | |a 620.28 CAR 1960 |2 21 |
| 100 | 0 | |a Carlin, Benson |9 437926 | |
| 245 | 1 | 0 | |a Ultrasonics. |
| 250 | |a Segunda edición | ||
| 260 | 0 | 3 | |a New York, USA |b McGraw-Hill |c 1960 |
| 300 | |a 309 páginas | ||
| 500 | |a Donación de Don Walter Zeller Allier | ||
| 583 | |a last modification |c 20000114 00:00:00 |k Rodrigo Vera | ||
| 650 | 7 | |a ULTRASONIDOS |2 CL-VaPUC |9 361769 | |
| 650 | 0 | |a Ondas sonoras |9 322250 | |
| 650 | 0 | |a Acústica |9 265389 | |
| 650 | 0 | |a Propagación de ondas |9 263256 | |
| 942 | |c BK |2 ddc | ||
| 945 | |d 20000114 00:00:00 |a cmena | ||